000 02680nam a2200445 i 4500
001 196323
003 ES-GrU
005 20250915180945.0
007 ta
008 240910s2024 sp aa r 001 0 spa d
017 _aB 5065-2024
_bOficina Depósito Legal Barcelona
020 _a9788491996484
035 _a(OCoLC)1434159915
040 _aBUS
_dUGR
_erda
_bspa
_cES-MaACL
080 _a001.92
080 _a5/6
080 _a001.92
100 _aBriones, Carlos,
_d1969-
_9238690
_eaut
245 1 0 _aA bordo de tu curiosidad :
_bun viaje por las preguntas y retos de la ciencia actual /
_cCarlos Briones ; prólogo de Javier Santaolalla ; ilustraciones de Kim Amate
250 _aPrimera edición: mayo de 2024
264 1 _aBarcelona :
_bCritica,
_c2024
264 4 _c©2024
300 _a332 páginas :
_bilustraciones (color) ;
_c23 cm.
336 _atexto
_btxt
_2rdacontent
337 _asin mediación
_bn
_2rdamedia
338 _avolumen
_bnc
_2rdacarrier
520 _a¿Cuál fue el origen de todo? ¿Podemos viajar en el tiempo? ¿Que es la vida? ¿Podría haber otras vidas en el Universo? Estas son algunas de las preguntas que el científico Carlos Briones nos propone en su nuevo libro, un apasionante viaje a traves de los principales retos que la ciencia actual tiene planteados. A lo largo de 52 breves y sugerentes capítulos, uno por cada semana del año, repasa diferentes campos científicos, tecnológicos y sociales, sin olvidar temas de gran actualidad como la inteligencia artificial, la crisis climática, las pandemias, o el auge de las pseudociencias y los bulos. Reivindica la importancia del espíritu crítico y la curiosidad, y lo hace con una insuperable de combinación de rigor científico, frescura y calidad literaria. En sus propias palabras: "creo que este libro puede gustarte tengas la edad que tengas: seas un boomer, pertenezcas a la Generación X, a la Y de los millennials o a la Z. En breve, tambien si eres de la Alfa".
650 7 _aCiencia
_2embne
_910929
650 7 _aFilosofía
_2embne
_912802
650 4 _aCiencia-
_vObras de divulgación
_910959
700 1 _aSantaolalla, Javier,
_9238692
_eaui
700 1 _aAmate, Kim,
_d1974-
_9238693
_eill
852 _aES-MaACL
_cDEPOJ
_jN-10133
_gDedicatoria autógrafa del autor
_hDonación: Carlos Briones
_xEncuadernación cartoné
_9206266
903 _9238690
_aBriones, Carlos,
_d1969-
_ednr
942 _cMONOGRAFIA
_n0
999 _c196323
_d196323